[Event "Rhone op 4th"]
[Site "Rhone"]
[Date "2008.04.17"]
[Round "8"]
[White "Curto, Nicolas"]
[Black "Goossens, Etienne"]
[Result "0-1"]
[WhiteElo "2126"]
[BlackElo "2278"]
[PlyCount "88"]
[EventDate "2008.04.12"]
[EventType "swiss"]
[EventRounds "9"]
[EventCountry "FRA"]
[SourceTitle "CBM 123 Extra"]
[Source "ChessBase"]
[SourceDate "2008.05.06"]
[SourceVersion "1"]
[SourceVersionDate "2008.05.06"]
[SourceQuality "1"]

1. d4 Nf6 2. c4 e6 3. g3 c5 4. d5 exd5 5. cxd5 d6 6. Nc3 g6 7. Bg2 Bg7 8. Nf3 0-0 9. 0-0 a6 10. a4 Re8 11. Nd2 Nbd7 12. Nc4 Ne5 13. Nxe5 Rxe5 14. Bf4 Re8 15. Qd2 Ng4 16. Ne4 Ne5 17. b4 c4 18. a5 Bf5 19. Bg5 f6 20. Be3 Bxe4 21. Bxe4 f5 22. Bb6 Qf6 23. Bg2 Nd7 24. Be3 Qxa1 25. Rxa1 Bxa1 26. Qc1 Rac8 27. Qxa1 c3 28. Bd4 c2 29. Qc1 Rxe2 30. Bf1 Rd2 31. Bb2 Ne5 32. Kg2 Rd1 33. Qe3 c1Q 34. Bxc1 Rcxc1 35. Be2 Re1 36. Qg5 Nf7 37. Qd2 Rg1+ 38. Kf3 Rb1 39. Qe3 Ne5+ 40. Kf4 Rxb4+ 41. Kg5 Kg7 42. f4 Rg2 43. h3 Re4 44. Qc3 Rgxe2 0-1

[Event "FRA-chT1B 0708"]
[Site "France"]
[Date "2007.12.15"]
[Round "4.6"]
[White "Planell, Eric"]
[Black "Curto, Nicolas"]
[Result "0-1"]
[WhiteElo "2185"]
[BlackElo "2134"]
[PlyCount "60"]
[EventDate "2007.10.21"]
[EventType "team-tourn"]
[EventRounds "11"]
[EventCountry "FRA"]
[SourceTitle "EXT 2009"]
[Source "ChessBase"]
[SourceDate "2008.11.26"]
[SourceVersion "1"]
[SourceVersionDate "2008.11.26"]
[SourceQuality "1"]
[WhiteTeam "Toulouse"]
[BlackTeam "Lyon Olympique"]
[WhiteTeamCountry "FRA"]
[BlackTeamCountry "FRA"]

1. e4 c5 2. c3 Nf6 3. e5 Nd5 4. Nf3 Nc6 5. Na3 d6 6. exd6 Qxd6 7. d4 cxd4 8. Bc4 a6 9. Nxd4 e6 10. 0-0 Nxd4 11. Qxd4 Nf6 12. Qh4 Be7 13. Bg5 0-0 14. Rad1 Qc5 15. b4 Qc6 16. Rfe1 b5 17. Bd3 Bb7 18. Qh3 g6 19. Bd2 Rfd8 20. Be2 Rac8 21. c4 Rxd2 22. Rxd2 Bxb4 23. Red1 Bxd2 24. Rxd2 b4 25. Nc2 Ne4 26. Rd4 a5 27. Qh4 Nc3 28. Rd8+ Rxd8 29. Qxd8+ Kg7 30. Qd4+ f6 0-1

[Event "FRA-ch U18"]
[Site "Le Grand Bornand"]
[Date "2007.04.13"]
[Round "7"]
[White "Valles, Manuel"]
[Black "Curto, Nicolas"]
[Result "0-1"]
[WhiteElo "2081"]
[BlackElo "2082"]
[PlyCount "81"]
[EventDate "2007.04.07"]
[EventType "swiss"]
[EventRounds "9"]
[EventCountry "FRA"]
[SourceTitle "CBM 118 Extra"]
[Source "ChessBase"]
[SourceDate "2007.07.04"]
[SourceVersion "1"]
[SourceVersionDate "2007.07.04"]
[SourceQuality "1"]

1. d4 d5 2. c4 c6 3. Nc3 Nf6 4. Nf3 e6 5. Bf4 dxc4 6. a4 Bb4 7. Bd2 0-0 8. e3 b5 9. axb5 Bxc3 10. Bxc3 cxb5 11. b3 Bb7 12. bxc4 bxc4 13. Bb4 Re8 14. Bxc4 a5 15. Bd2 Ne4 16. 0-0 Nc6 17. Qe2 Nxd2 18. Nxd2 Nb4 19. Rfb1 e5 20. Nf3 exd4 21. Nxd4 Qg5 22. Qf1 Be4 23. Rb2 h5 24. Be2 Red8 25. Rb3 Qe7 26. Bxh5 Rd5 27. Bf3 Bxf3 28. Nxf3 Nc2 29. Rc1 Rc5 30. Ne1 a4 31. Rb2 Nxe3 32. Qe2 Rxc1 33. fxe3 a3 34. Ra2 Qb4 35. Kf1 Rd8 36. Rc2 Rb1 37. g3 Qe4 38. Kf2 g6 39. Ra2 Rb3 40. Nc2 Rb2 41. Nxa3 0-1

[Event "FRA-ch U18"]
[Site "Le Grand Bornand"]
[Date "2007.04.09"]
[Round "2"]
[White "Curto, Nicolas"]
[Black "Scalia, Jerome"]
[Result "1-0"]
[WhiteElo "2082"]
[BlackElo "1927"]
[PlyCount "51"]
[EventDate "2007.04.07"]
[EventType "swiss"]
[EventRounds "9"]
[EventCountry "FRA"]
[SourceTitle "CBM 118 Extra"]
[Source "ChessBase"]
[SourceDate "2007.07.04"]
[SourceVersion "1"]
[SourceVersionDate "2007.07.04"]
[SourceQuality "1"]

1. d4 d5 2. c4 e6 3. Nc3 c6 4. Nf3 Nf6 5. Bg5 Be7 6. e3 Nbd7 7. cxd5 exd5 8. Bd3 0-0 9. Qc2 Re8 10. h3 h6 11. Bf4 b6 12. 0-0 Bb7 13. Rac1 Bf8 14. Rfd1 a5 15. a3 Ba6 16. Ne5 Nxe5 17. Bxe5 Bxd3 18. Qxd3 Nd7 19. Bg3 Qf6 20. Ne2 a4 21. Rc3 b5 22. Rdc1 Ra6 23. Nf4 g5 24. Ne2 Re6 25. f4 Nb6 26. f5 1-0

[Event "FRA-ch U18"]
[Site "Le Grand Bornand"]
[Date "2007.04.08"]
[Round "1"]
[White "Le Duigou, Goulven"]
[Black "Curto, Nicolas"]
[Result "0-1"]
[WhiteElo "1830"]
[BlackElo "2082"]
[PlyCount "82"]
[EventDate "2007.04.07"]
[EventType "swiss"]
[EventRounds "9"]
[EventCountry "FRA"]
[SourceTitle "CBM 118 Extra"]
[Source "ChessBase"]
[SourceDate "2007.07.04"]
[SourceVersion "1"]
[SourceVersionDate "2007.07.04"]
[SourceQuality "1"]

1. e4 c5 2. Nf3 Nc6 3. Bc4 e6 4. Nc3 Nf6 5. d4 cxd4 6. Nxd4 d6 7. 0-0 Be7 8. Be3 0-0 9. Qe2 a6 10. a3 Qc7 11. Rad1 b5 12. Ba2 Bd7 13. f4 Rfc8 14. e5 dxe5 15. fxe5 Qxe5 16. Nb3 Be8 17. Qf3 Qh5 18. Qxh5 Nxh5 19. Nd4 Rd8 20. Ne4 Nf6 21. Nxc6 Bxc6 22. Nc5 a5 23. Nd3 Be4 24. Bg5 Rac8 25. Rf4 Bg6 26. Bb1 h6 27. Bxf6 Bxf6 28. b3 Bc3 29. Rff1 b4 30. axb4 axb4 31. Rf4 Bd4+ 32. Kf1 e5 33. Rh4 Bc3 34. Ke2 e4 35. Nf2 f5 36. Rh3 Kh7 37. Ke3 f4+ 38. Kxf4 Bd2+ 39. Kg3 Rc3+ 40. Kg4 h5+ 41. Kh4 e3 0-1

[Event "FRA-chT2C 0506"]
[Site "France"]
[Date "2006.04.01"]
[Round "10.5"]
[White "Poisson, Olivier"]
[Black "Curto, Nicolas"]
[Result "1/2-1/2"]
[WhiteElo "2138"]
[BlackElo "2101"]
[PlyCount "48"]
[EventDate "2005.10.27"]
[EventType "team-tourn"]
[EventRounds "11"]
[EventCountry "FRA"]
[SourceTitle "EXT 2006"]
[Source "ChessBase"]
[SourceDate "2005.11.24"]
[SourceVersion "1"]
[SourceVersionDate "2005.11.24"]
[SourceQuality "1"]

1. d4 d5 2. c4 c6 3. Nf3 Nf6 4. Nc3 a6 5. cxd5 cxd5 6. g3 e6 7. Bg2 Nc6 8. 0-0 Be7 9. Bf4 0-0 10. Qd3 Nh5 11. Bd2 f5 12. a3 Bd7 13. Ne5 Be8 14. e3 Nf6 15. f4 Rc8 16. Rac1 Na5 17. Nxd5 Nxd5 18. Bxa5 Qxa5 19. Rxc8 Bb5 20. Qxf5 exf5 21. Bxd5+ Kh8 22. Nf7+ Kg8 23. Nh6+ Kh8 24. Nf7+ Kg8 1/2-1/2

[Event "FRA-ch U18"]
[Site "Aix les Bains"]
[Date "2006.04.??"]
[Round "6"]
[White "Curto, Nicolas"]
[Black "Jouet Pastre, Alban"]
[Result "1/2-1/2"]
[WhiteElo "2098"]
[BlackElo "1996"]
[PlyCount "114"]
[EventDate "2006.04.??"]
[EventType "swiss"]
[EventRounds "8"]
[EventCountry "FRA"]
[SourceTitle "EXT 2007"]
[Source "ChessBase"]
[SourceDate "2006.11.23"]
[SourceVersion "1"]
[SourceVersionDate "2006.11.23"]
[SourceQuality "1"]

1. d4 d5 2. c4 e6 3. Nc3 c5 4. cxd5 cxd4 5. Qxd4 Nc6 6. Qa4 exd5 7. e3 Nf6 8. Nf3 a6 9. Be2 Bc5 10. 0-0 0-0 11. Rd1 Be6 12. Qc2 Qe7 13. b3 Rfd8 14. Bb2 b5 15. Rac1 Nb4 16. Qb1 Rac8 17. a4 bxa4 18. Nxa4 Bd6 19. Bd4 Ne4 20. Qb2 f6 21. Nd2 Bd7 22. Nxe4 dxe4 23. Bb6 Rxc1 24. Qxc1 Rc8 25. Qd2 Rc6 26. Bc5 Nd3 27. Bxd3 Bxc5 28. Bxe4 Rd6 29. Bd5+ Be6 30. Bxe6+ Qxe6 31. Qc2 Rxd1+ 32. Qxd1 Be7 33. Qd3 Kf8 34. g3 g6 35. e4 Qc6 36. Nc3 a5 37. Qc4 Qxc4 38. bxc4 Kf7 39. Na4 Ke6 40. f4 g5 41. Kf2 gxf4 42. gxf4 Bd6 43. Kf3 f5 44. e5 Be7 45. Ke3 Bb4 46. Kd3 Kd7 47. Nc3 Kc6 48. Nd5 Bc5 49. Ne3 a4 50. Nxf5 a3 51. Kc2 Bg1 52. e6 Bxh2 53. Ng7 Kd6 54. c5+ Ke7 55. Kb3 Bxf4 56. Kxa3 Be5 57. c6 Kf6 1/2-1/2

[Event "FRA-chT2C 0506"]
[Site "France"]
[Date "2005.11.20"]
[Round "3.5"]
[White "Curto, Nicolas"]
[Black "Tholey, Jean Paul"]
[Result "0-1"]
[WhiteElo "2105"]
[BlackElo "2016"]
[PlyCount "158"]
[EventDate "2005.10.27"]
[EventType "team-tourn"]
[EventRounds "11"]
[EventCountry "FRA"]
[SourceTitle "EXT 2006"]
[Source "ChessBase"]
[SourceDate "2005.11.24"]
[SourceVersion "1"]
[SourceVersionDate "2005.11.24"]
[SourceQuality "1"]

1. d4 Nf6 2. c4 e6 3. Nc3 Bb4 4. Qc2 c5 5. dxc5 Na6 6. Nf3 0-0 7. e3 Nxc5 8. a3 Bxc3+ 9. Qxc3 b6 10. Nd2 Bb7 11. f3 d5 12. b4 Ncd7 13. Bb2 Rc8 14. Qb3 Qe7 15. Be2 Rc7 16. 0-0 Rfc8 17. Rfd1 dxc4 18. Bxc4 Bd5 19. Rac1 Bxc4 20. Rxc4 b5 21. Rxc7 Rxc7 22. e4 Nb6 23. Bd4 Nfd7 24. Nb1 a6 25. Nc3 h6 26. Bf2 Rc4 27. Ne2 Na4 28. h3 Ndb6 29. Bg3 Qf6 30. Rd6 Qe7 31. Qe3 Qb7 32. Rd2 Rc8 33. Rd6 Nc4 34. Qd4 Nxd6 35. Bxd6 Qb6 36. Kf2 Qxd4+ 37. Nxd4 Rc3 38. e5 Rxa3 39. Nc6 Nc3 40. h4 Nd5 41. h5 Ra2+ 42. Kg1 Nf4 43. g4 Nh3+ 44. Kh1 Ng5 45. Nd4 Kh7 46. Bc7 g6 47. f4 Nh3 48. hxg6+ Kxg6 49. f5+ exf5 50. gxf5+ Kg7 51. e6 fxe6 52. fxe6 Ng5 53. e7 Kf7 54. Bd8 Rd2 55. Nf5 Nf3 56. Nxh6+ Ke8 57. Ng4 Rxd8 58. exd8Q+ Kxd8 59. Ne3 Kd7 60. Kg2 Ne1+ 61. Kf1 Nd3 62. Nc2 Kd6 63. Ke2 Ne5 64. Kd2 Kd5 65. Kc3 Ke4 66. Nd4 Kd5 67. Nc2 Nd7 68. Ne1 Nf6 69. Nc2 Ke4 70. Kb3 Nd5 71. Kb2 Kd3 72. Kb3 Ne3 73. Na3 Nf5 74. Nb1 Nd4+ 75. Ka3 Kc2 76. Ka2 Nc6 77. Na3+ Kc3 78. Nxb5+ axb5 79. Ka3 Kc4 0-1

[Event "FRA-chT2C 0506"]
[Site "France"]
[Date "2005.10.16"]
[Round "1.4"]
[White "Bes, Stephane"]
[Black "Curto, Nicolas"]
[Result "0-1"]
[WhiteElo "2150"]
[BlackElo "2105"]
[PlyCount "72"]
[EventDate "2005.10.27"]
[EventType "team-tourn"]
[EventRounds "11"]
[EventCountry "FRA"]
[SourceTitle "EXT 2006"]
[Source "ChessBase"]
[SourceDate "2005.11.24"]
[SourceVersion "1"]
[SourceVersionDate "2005.11.24"]
[SourceQuality "1"]

1. d4 d5 2. c4 c6 3. Nc3 Nf6 4. Nf3 a6 5. c5 Nbd7 6. Bf4 Nh5 7. Bg5 h6 8. Bh4 g5 9. Bg3 Bg7 10. e3 Nxg3 11. hxg3 e5 12. g4 Qe7 13. Be2 exd4 14. exd4 Nf8 15. Qa4 Be6 16. 0-0-0 Nd7 17. Rhe1 0-0 18. Qc2 Qf6 19. Kb1 Bxg4 20. Ne5 Nxe5 21. dxe5 Qe6 22. f3 Bf5 23. Bd3 Bxd3 24. Qxd3 Rfe8 25. g4 Bxe5 26. f4 gxf4 27. Qh3 Qg6+ 28. Kc1 Bg7 29. Qf3 Qg5 30. Na4 Re5 31. Nb6 Rae8 32. Rf1 Re4 33. Rh1 Re3 34. Qf1 Re2 35. Na4 f3+ 36. Kb1 Qf4 0-1

[Event "Marseille op"]
[Site "Marseille"]
[Date "2005.06.??"]
[Round "5"]
[White "Curto, Nicolas"]
[Black "Flear, Glenn C"]
[Result "0-1"]
[WhiteElo "1994"]
[BlackElo "2475"]
[PlyCount "66"]
[EventDate "2005.06.??"]
[EventType "swiss"]
[EventRounds "9"]
[EventCountry "FRA"]
[SourceTitle "EXT 2006"]
[Source "ChessBase"]
[SourceDate "2005.11.24"]
[SourceVersion "1"]
[SourceVersionDate "2005.11.24"]
[SourceQuality "1"]

1. d4 d5 2. c4 e6 3. Nc3 c6 4. e4 dxe4 5. Nxe4 Bb4+ 6. Bd2 Qxd4 7. Bxb4 Qxe4+ 8. Be2 Na6 9. Bd6 e5 10. Nf3 Bg4 11. Qd2 0-0-0 12. 0-0 Nh6 13. Rfe1 Bxf3 14. Bxf3 Qg6 15. Rad1 Rhe8 16. b4 e4 17. Be2 Nf5 18. c5 Nc7 19. b5 Nxb5 20. Bxb5 Nh4 21. Bf1 Nf3+ 22. Kh1 Nxd2 23. Rxd2 Re6 24. Red1 e3 25. fxe3 Rxe3 26. a4 a5 27. Bd3 Qe6 28. Rf1 Re1 29. Rdf2 Rxf1+ 30. Bxf1 f5 31. Re2 Rxd6 32. cxd6 Qxd6 33. Re8+ Kc7 0-1

[Event "Marseille op"]
[Site "Marseille"]
[Date "2005.06.??"]
[Round "7"]
[White "Moncamp, Gilles"]
[Black "Curto, Nicolas"]
[Result "0-1"]
[WhiteElo "2207"]
[BlackElo "1994"]
[PlyCount "70"]
[EventDate "2005.06.??"]
[EventType "swiss"]
[EventRounds "9"]
[EventCountry "FRA"]
[SourceTitle "EXT 2006"]
[Source "ChessBase"]
[SourceDate "2005.11.24"]
[SourceVersion "1"]
[SourceVersionDate "2005.11.24"]
[SourceQuality "1"]

1. e4 c5 2. Nf3 d6 3. d4 cxd4 4. Nxd4 Nf6 5. Nc3 a6 6. Be3 e6 7. f3 b5 8. g4 Nfd7 9. Qd2 Nb6 10. a4 Nc4 11. Qf2 Nxe3 12. Qxe3 b4 13. Na2 e5 14. Nb3 Nc6 15. Bc4 Rb8 16. Bd5 Qc7 17. Rc1 Ne7 18. c3 Nxd5 19. exd5 Qc4 20. cxb4 Qxd5 21. 0-0 Be6 22. Na5 Qxa2 23. Qa7 Rd8 24. Nc6 Rc8 25. Qxa6 Qxb2 26. b5 h5 27. Rb1 Qc2 28. Qa7 hxg4 29. Qf2 Qxa4 30. b6 Qxc6 31. b7 Rb8 32. Rfc1 Bc4 33. Qa7 Qc5+ 34. Qxc5 dxc5 35. Rxc4 gxf3 0-1

[Event "Marseille op"]
[Site "Marseille"]
[Date "2005.06.??"]
[Round "4"]
[White "Savchenko, Stanislav"]
[Black "Curto, Nicolas"]
[Result "1/2-1/2"]
[WhiteElo "2512"]
[BlackElo "1994"]
[PlyCount "45"]
[EventDate "2005.06.??"]
[EventType "swiss"]
[EventRounds "9"]
[EventCountry "FRA"]
[SourceTitle "EXT 2006"]
[Source "ChessBase"]
[SourceDate "2005.11.24"]
[SourceVersion "1"]
[SourceVersionDate "2005.11.24"]
[SourceQuality "1"]

1. d4 d5 2. c4 c6 3. Nf3 Nf6 4. e3 a6 5. Nc3 b5 6. c5 Bg4 7. Qb3 Nbd7 8. a4 e5 9. Qa3 Bxf3 10. gxf3 exd4 11. exd4 Rb8 12. axb5 axb5 13. Qa6 Qc7 14. Qa5 Qxa5 15. Rxa5 g6 16. Bf4 Rc8 17. Bh3 Nh5 18. Be5 Bg7 19. Bxd7+ Kxd7 20. Ra7+ Ke6 21. Bxg7 Nxg7 22. Kd2 Kf6 23. Rha1 1/2-1/2

[Event "FRA-ch op-A"]
[Site "Chartres"]
[Date "2005.??.??"]
[Round "1"]
[White "Derieux, Christian"]
[Black "Curto, Nicolas"]
[Result "1-0"]
[WhiteElo "2170"]
[BlackElo "2042"]
[PlyCount "53"]
[EventDate "2005.08.15"]
[EventType "swiss"]
[EventRounds "11"]
[EventCountry "FRA"]
[SourceTitle "EXT 2006"]
[Source "ChessBase"]
[SourceDate "2005.11.24"]
[SourceVersion "1"]
[SourceVersionDate "2005.11.24"]
[SourceQuality "1"]

1. d4 d5 2. c4 c6 3. Nf3 Nf6 4. Nc3 a6 5. a4 e6 6. g3 Nbd7 7. Bg2 Bb4 8. Qb3 Qe7 9. 0-0 0-0 10. Bf4 Nh5 11. Be3 Nhf6 12. Bf4 Nh5 13. Bg5 f6 14. Bd2 Bd6 15. cxd5 cxd5 16. Nxd5 exd5 17. Qxd5+ Kh8 18. Qxh5 g6 19. Qd5 Nb8 20. Rfe1 Be6 21. Qe4 Qd7 22. Qd3 Bf7 23. e4 Nc6 24. Bc3 Rac8 25. d5 Bc7 26. Qd2 Nd8 27. Rad1 1-0

[Event "FRA-chT2 0405"]
[Site "France"]
[Date "2004.10.10"]
[Round "1.8"]
[White "Bouloudene, Boualem"]
[Black "Curto, Nicolas"]
[Result "0-1"]
[WhiteElo "2060"]
[BlackElo "1994"]
[PlyCount "116"]
[EventDate "2004.10.10"]
[EventType "team-tourn"]
[EventRounds "11"]
[EventCountry "FRA"]
[SourceTitle "EXT 2006"]
[Source "ChessBase"]
[SourceDate "2005.11.24"]
[SourceVersion "1"]
[SourceVersionDate "2005.11.24"]
[SourceQuality "1"]

1. d4 d5 2. c4 c6 3. Nc3 Nf6 4. Bg5 dxc4 5. a4 Qa5 6. Bxf6 exf6 7. e3 Bb4 8. Qc1 Be6 9. Nf3 Nd7 10. Nd2 Nb6 11. Be2 0-0 12. 0-0 f5 13. Ncb1 c5 14. dxc5 Qxc5 15. a5 Nd7 16. Nxc4 Rac8 17. b3 Bxc4 18. Qxc4 Bxa5 19. Qxc5 Rxc5 20. b4 Bxb4 21. Rxa7 Rc7 22. Na3 Bc5 23. Nb5 Bxa7 24. Nxc7 Bc5 25. Rd1 Nf6 26. Nd5 Ne4 27. f3 Nd6 28. Kf1 b6 29. Nxb6 Bxb6 30. Rxd6 Bxe3 31. Rd7 g6 32. Bc4 Kg7 33. Ke2 Bg1 34. h3 Kf6 35. f4 h5 36. Kf3 Bc5 37. Rc7 Bb4 38. Rc6+ Kg7 39. Rc7 Bd6 40. Rc6 Bb8 41. Ba6 Ba7 42. Rc8 Rxc8 43. Bxc8 Kf6 44. Ba6 h4 45. Bc4 Bg1 46. Bb3 Bh2 47. Bc4 Kg7 48. Bb3 f6 49. Bc2 Kh6 50. Bd3 Kg7 51. Bc2 Kf7 52. Bb3+ Ke7 53. Bc2 Kd6 54. Bb3 g5 55. Bc2 Bxf4 56. Bxf5 Kc5 57. Bc8 Bg3 58. Ke3 Be1 0-1

[Event "France-ch U16"]
[Site "Reims"]
[Date "2004.04.21"]
[Round "5"]
[White "Trouilleux, Kevin"]
[Black "Curto, Nicolas"]
[Result "1-0"]
[WhiteElo "2110"]
[BlackElo "1953"]
[PlyCount "55"]
[EventDate "2004.04.??"]
[EventType "swiss"]
[EventRounds "9"]
[EventCountry "FRA"]
[SourceTitle "EXT 2005"]
[Source "ChessBase"]
[SourceDate "2004.11.15"]
[SourceVersion "1"]
[SourceVersionDate "2004.11.15"]
[SourceQuality "1"]

1. e4 c5 2. d4 cxd4 3. c3 dxc3 4. Nxc3 e6 5. Nf3 a6 6. Bc4 b5 7. Bb3 Bb7 8. Qe2 d6 9. 0-0 Nd7 10. Rd1 Ngf6 11. a3 Be7 12. Bf4 Nc5 13. Bc2 Qb6 14. Rac1 Rc8 15. e5 Bxf3 16. Qxf3 dxe5 17. Bxe5 0-0 18. Qh3 h6 19. Bd4 Qc7 20. Bxf6 Bxf6 21. b4 Nb7 22. Nd5 exd5 23. Qf5 g6 24. Qxf6 Qc6 25. Qf4 Kg7 26. Bf5 Qd6 27. Qd4+ Kh7 28. Bxc8 1-0

[Event "France-ch U16"]
[Site "Reims"]
[Date "2004.04.18"]
[Round "1"]
[White "Monsieux, Cyril"]
[Black "Curto, Nicolas"]
[Result "0-1"]
[WhiteElo "2156"]
[BlackElo "1953"]
[PlyCount "104"]
[EventDate "2004.04.??"]
[EventType "swiss"]
[EventRounds "9"]
[EventCountry "FRA"]
[SourceTitle "EXT 2005"]
[Source "ChessBase"]
[SourceDate "2004.11.15"]
[SourceVersion "1"]
[SourceVersionDate "2004.11.15"]
[SourceQuality "1"]

1. e4 c5 2. Nf3 Nc6 3. d4 cxd4 4. Nxd4 Nf6 5. Nc3 e5 6. Ndb5 d6 7. Bg5 a6 8. Na3 b5 9. Nd5 Qa5+ 10. Bd2 Qd8 11. Bg5 Qa5+ 12. Qd2 Qxd2+ 13. Bxd2 Nxd5 14. exd5 Ne7 15. Be2 Bb7 16. c4 bxc4 17. Nxc4 Nxd5 18. Bf3 Rb8 19. Ba5 Nf4 20. Bc7 Bxf3 21. Bxb8 Nxg2+ 22. Kd2 Kd7 23. Rhc1 Be7 24. Ba7 Ke6 25. Rc3 e4 26. Ne3 Nxe3 27. fxe3 g5 28. Bd4 Rg8 29. Rf1 g4 30. Kc1 h5 31. Rc2 h4 32. Bc3 g3 33. hxg3 hxg3 34. Rg1 g2 35. Be1 Rh8 36. Rcxg2 Bxg2 37. Rxg2 Rh1 38. Kd2 Bf6 39. b3 Bc3+ 40. Kxc3 Rxe1 41. Kd4 d5 42. Rd2 Rc1 43. a4 a5 44. Re2 Kd6 45. Rh2 Rd1+ 46. Kc3 Rd3+ 47. Kc2 Rxe3 48. Rh6+ Kc5 49. Ra6 Re2+ 50. Kd1 Ra2 51. Rxa5+ Kd4 52. b4 e3 0-1